000 004820000a22001810004500
020 _a968-13-0946-4
041 0 _aSPA
082 0 4 _aG 158 M272s
100 1 _aMandino, Og
245 1 0 _aEl secreto más grande del mundo / Og Mandino ; Margarita Álvarez Franco, Traductor
260 _aColombia : Diana
300 _a192 Pág.
001 14210
942 _cBK
999 _c43109
_d43109
336 _atexto
_btxt
_2rdacontent
337 _2rdamedia
_asin mediación
_bn
338 _2rdacarrier
_avolumen
_bnc